|
|
|
|
| LEADER |
00000naa2a2200000 4500 |
| 001 |
93894 |
| 005 |
20231218144053.0 |
| 035 |
|
|
|a (RuTPU)RU\TPU\book\100584
|
| 090 |
|
|
|a 93894
|
| 100 |
|
|
|a 20060404d2005 k y0rusy50 ca
|
| 101 |
0 |
|
|a rus
|
| 102 |
|
|
|a RU
|
| 200 |
1 |
|
|a Методика проверки отсутствия трещин при спекании двухслойных режущих пластин
|f В. В. Дуреев, Е. А. Алфёрова
|
| 320 |
|
|
|a Библиогр.: 1 назв.
|
| 461 |
|
1 |
|0 (RuTPU)RU\TPU\book\96566
|t Современные техника и технологии
|o 11-я международная научно-практическая конференция студентов, аспирантов и молодых ученых, г. Томск, 29-марта - 2 апреля 2005 г.: труды
|f Томский политехнический университет
|d 2005
|
| 463 |
|
0 |
|0 (RuTPU)RU\TPU\book\96163
|t Т. 1
|v С. 248-249.
|d 2005
|p 404 с.
|
| 610 |
1 |
|
|a трещины
|
| 610 |
1 |
|
|a спекание
|
| 610 |
1 |
|
|a режущие пластины
|
| 610 |
1 |
|
|a композиционные материалы
|
| 610 |
1 |
|
|a анизотропные материалы
|
| 610 |
1 |
|
|a сменные пластины
|
| 610 |
1 |
|
|a методики проверки
|
| 610 |
1 |
|
|a труды учёных ТПУ
|
| 700 |
|
1 |
|a Дуреев
|b В. В.
|c специалист в области машиностроения
|c доцент Юргинского технологического института (филиала) Томского политехнического университета
|f 1978-
|g Вадим Витальевич
|3 (RuTPU)RU\TPU\pers\25461
|9 11400
|
| 701 |
|
1 |
|a Алфёрова
|b Е. А.
|c специалист в области машиностроения
|c доцент Юргинского технологического института (филиала) Томского политехнического университета, кандидат физико-математических наук
|f 1982-
|g Екатерина Александровна
|3 (RuTPU)RU\TPU\pers\26530
|9 12224
|
| 801 |
|
1 |
|a RU
|b 63413507
|c 20060404
|g PSBO
|
| 801 |
|
2 |
|a RU
|b 63413507
|c 20150916
|g RCR
|
| 942 |
|
|
|c BK
|